Devinez l'État Américain Mystère #24 - Statistiques

Statistiques générales
  • Ce quiz a été pris 199 fois
  • Le résultat moyen est 31 sur 37
Statistiques - réponses
Type de Réponse Réponse % Correct
Lettre Trouvée A
97%
Lettre de l'Alphabet M
97%
Lettre Trouvée N
97%
Lettre Trouvée O
97%
Lettre Trouvée S
97%
Lettre de l'Alphabet E
95%
Lettre Trouvée I
95%
Lettre de l'Alphabet R
93%
Lettre Trouvée H
91%
Lettre de l'Alphabet K
91%
Lettre Trouvée T
91%
Lettre de l'Alphabet C
90%
Lettre de l'Alphabet L
89%
Lettre de l'Alphabet U
88%
Lettre Bien Placée A
87%
Lettre de l'Alphabet Y
87%
Lettre de l'Alphabet D
86%
Lettre Trouvée W
84%
Lettre de l'Alphabet B
81%
Lettre de l'Alphabet P
81%
Lettre Trouvée G
79%
Lettre de l'Alphabet V
79%
Lettre de l'Alphabet Z
77%
Lettre de l'Alphabet X
75%
Lettre de l'Alphabet J
74%
Lettre de l'Alphabet F
73%
Lettre Bien Placée G
72%
Lettre Bien Placée H
72%
Lettre Bien Placée I
72%
Lettre Bien Placée N
72%
Lettre Bien Placée N
72%
Lettre Bien Placée O
72%
Lettre de l'Alphabet Q
72%
Lettre Bien Placée S
72%
Lettre Bien Placée T
72%
Lettre Bien Placée W
72%
État Mystère Washington
72%
Aucun quiz correspondant
Distribution des résultats
% des personnes avec chaque résultat
Percentile par nombre de réponses
Votre historique - résultats
Vous n’avez pas pris ce quiz